ACC Schools - Statistics

General Stats
  • This quiz has been taken 27 times
  • The average score is 15 of 18
Answer Stats
Joined In Answer % Correct
1953 North Carolina
100%
1953 Clemson
92%
1991 Florida State
92%
2024 Stanford
92%
1953 Virginia
92%
2004 Virginia Tech
92%
1953 Wake Forest
92%
2005 Boston College
88%
2024 California
88%
1953 Duke
88%
1979 Georgia Tech
88%
2004 Miami
85%
1953 NC State
81%
2024 SMU
81%
2014 Louisville
77%
2013 Syracuse
77%
2013 Pittsburgh
73%
2013 Notre Dame
65%
No matching quizzes found
Score Distribution
Percent of People with Each Score
Percentile by Number Answered
Your Score History
You have not taken this quiz